000 01937njm a2200421 c 4500
003 BLK
005 20180421002510.0
008 180410b bul||n||s|||||||| n|bulo|
010 _aCDD00004261000
020 _a954-761-017-1
_bиздат.: ИнфоДар
040 _aBLK
041 _aBUL
_cBUL
080 _aЕзици за програмиране
_b519.682
_x(035.034)
_z519.682(035.034)
080 _aИзчислителни машини, електронни - програмиране
_b681.332.06
_x(035.034)
_z681.332.06(035.034)
100 1 _aМаруяма Хироши
_eпърви автор
_993817
700 1 _aУрамото Наохико
_eсъавт.
_9133129
700 1 _aТамура Кент
_eсъавт.
_9312218
139 _aМаруяма Хироши и др.
_bМ 35
245 1 0 _a[ЕксЕмЕл] XML и Java[CD-ROM]
_bРазработване на Web приложения
_cМаруяма Хироши; съавт. Урамото Наохико; съавт. Тамура Кент.
257 _aJAP
260 София
_bИнфоДар
_c2001
300 _a(2.11 МВ)
_c12 см
306 _bф
380 _a5
500 _aДигитално изд. - прил. към кн. със същото загл. със сигн. 222202. Изт. : Книга, Загл. екран. - Съдържа и IBM VisialAge for Java 2.0.13 ; XML Parser for Java 1.1.16. - Съдържа : Xml java.
590 _aS.N: 116908 от КНИГИ
650 4 _aЕзици за програмиране - наръчници и ръководства
_9241821
650 4 _aПрограмиране - наръчници и ръководства
_9256574
653 _aезици за програмиране
653 _aXML
653 _aJava
653 _aCD-ROM
852 _aЦб CD 721
_p0
856 4 _qpdf
_u
856 4 _qpdf
_u
942 _cCDD
_n0
944 _aCR
_c17.01.2005
_kЛюдмила_Стоянова
944 _aED
_c29.10.2014
_k
999 _c222254
_d222254